Morfologia numelui in Protoromana (Romana comuna) /

Salvato in:
Dettagli Bibliografici
Autore principale: Coteanu, Ion
Natura: Libro
Lingua:English
Pubblicazione: Bucuresti : Editura Academiei Republicii Socialiste Romania, 1969.
Soggetti:
LEADER 00820nam a2200217 i 4500
001 c000241155
003 CARM
005 00000000000000.0
008 840306s1969 rm 0 eng d
019 1 |a 10214104  |5 LACONCORD2021 
035 |a (OCoLC)603847  |5 LACONCORD2021 
082 0 4 |a 459.5 
100 1 |a Coteanu, Ion. 
245 1 0 |a Morfologia numelui in Protoromana (Romana comuna) /  |c I.Coteanu. 
260 |a Bucuresti :  |b Editura Academiei Republicii Socialiste Romania,  |c 1969. 
300 |a 160p. 
650 0 |a Romanian language  |x Morphology. 
650 0 |a Romanian language  |x History. 
852 8 |b CARM  |h A2:AR03A0  |i B07076  |p 0368629  |f BK 
999 f f |i 57f85d92-8d15-5cc3-8081-5abbfc80eea3  |s fa5ef3ea-1b77-51f7-9985-8880991afb68 
952 f f |p Can circulate  |a CAVAL  |b CAVAL  |c CAVAL  |d CARM 1 Store  |e B07076  |f A2:AR03A0  |h Other scheme  |i book  |m 0368629